| 000 | 00693nam a2200193 i 4500 | ||
|---|---|---|---|
| 001 | 125042 | ||
| 003 | ES-MaACL | ||
| 005 | 20230906192535.0 | ||
| 007 | t| | ||
| 008 | 070426s1933 sp ||||1| spa d | ||
| 245 | 0 | 0 | _aActo inaugural del curso de médicos del trabajo. |
| 260 |
_aMadrid : _b[s.n.], _c1933 ( _fOficina Tipográfica del Instituto Nacional de Previsión) |
||
| 300 |
_a29 p. ; _c21 cm. |
||
| 490 | 1 |
_aPublicaciones del Instituto Nacional de Previsión ; _v396 |
|
| 500 | _aDiscursos leídos en la sesión del 16 de octubre de 1933. | ||
| 830 | 0 |
_aPublicaciones del Instituto Nacional de Previsión ; _v396 _9181151 |
|
| 852 |
_aES-MaACL _jC-12645(4) |
||
| 999 |
_c125042 _d125042 |
||